000 01007nmm a2200289 a 4500
001 ocm000785919
003 TR-IsHL
005 20201028143650.0
008 140420s2013 tu eng
007 cr cn
020 _a9781304236944
035 _a785919
_b(N$T)
050 0 4 _aPS1872
_b.S66 2013
090 0 4 _aPS1872
_b.S66 2013
100 1 _aHawthorne, Nathaniel
245 1 0 _aThe snow image: a childish miracle
_h[electronic resource] /
_cNathaniel Hawthorne ; with illustrations by Murat Ukray
260 _aİstanbul :
_bE-Kitap Projesi,
_c2013
300 _a20 p.
650 4 _aDil ve Edebiyat
650 4 _aLanguage and Literature
650 0 _aHawthorne, Nathaniel, 1804-1864
650 0 _aMassachusetts
_xTarih
_xÇocuk romanı
650 0 _aMassachusetts
_xHistory
_xJuvenile fiction
650 7 _aLITERARY COLLECTIONS / American / General
_2bisacsh
700 1 _aUkray, Murat
856 4 0 _uhttp://search.ebscohost.com/login.aspx?direct=true&scope=site&db=e011xww&AN=785919
999 _c9022
_d9022